Anteproyecto arquitectónico del complejo eco-turístico de montaña Las Cortinas Municipio de San Rafael del Sur, Managua, Nicaragua

Se realiza un anteproyecto del complejo eco turístico de montaña Las Cortinas Municipio de San Rafael del Sur, Managua Nicaragua, en el cual se pretende impulsar el turismo ecológico en la comarca los córdobas, haciendo uso de los recursos naturales con que cuenta el sitio, tales como rio tosto...

Full description

Bibliographic Details
Main Authors: López Pascasio, Sandra Maritza, Flores Chavarría, Alcides Roberto
Other Authors: Tutor: García Romano, Porfirio
Format: Tesis Section = Libro
Language:Undetermined
Spanish
Published: Managua UNI 2015
Subjects:
LEADER 01548nam a2200289Ia 4500
008 240830s9999 xx 000 0 und d
040 |a BIBLIOTECA-RUSB/ Mon 796.56 L864 
041 |a spa 
082 |a Mon 796.56 L864 
100 1 |a López Pascasio, Sandra Maritza 
100 1 |b Flores Chavarría, Alcides Roberto 
245 1 0 |a Anteproyecto arquitectónico del complejo eco-turístico de montaña Las Cortinas Municipio de San Rafael del Sur, Managua, Nicaragua 
260 |a Managua  |b UNI  |c 2015 
300 |a 102 p. :il. 
500 |a Contiene: anexos. 
502 |a Tesis (Arquitecto) - UNI, 2015. 
520 3 |a Se realiza un anteproyecto del complejo eco turístico de montaña Las Cortinas Municipio de San Rafael del Sur, Managua Nicaragua, en el cual se pretende impulsar el turismo ecológico en la comarca los córdobas, haciendo uso de los recursos naturales con que cuenta el sitio, tales como rio tostoloya, que cruza el terreno queda origen al nombre de la finca, se estable el diseño arquitectónico de acuerdo a las competencias que le confiere la ley de municipios en el sentido de planificar, normar y controlar el uso de suelos, así como el desarrollo urbano y rural de dicho municipio. 
650 7 |a ECOTURISMO DE MONTAÑA 
650 7 |b  DISEÑO MONTAÑA 
650 7 |c  DISEÑO ARQUITECTONICO 
650 7 |d  ARQUITECTURA-DISEÑOS Y PLANOS 
650 7 |e  ESTUDIO DE SITIO 
650 7 |f  TURISMO-NICARAGUA 
700 1 |a Tutor:  |b García Romano, Porfirio 
942 |c BK  |2 ddc 
991 |a TESIS 
999 |c 21548